00801nam a22002297a 450000500170000001000130001702000220003003500130005203700160006504000120008108200150009310000230010824500630013126000490019427000540024330000270029765000360032465000460036094200240040699900190043095201220044920170124110042.0 aA-258352 c00.00a0521269806 aA-258352 bCen Lib/Ret aDPLbEN a793.7bBOL aBolt, Brian923938 aThe amazing mathematical amusement arcade /cby Brian Bolt aCambridge bCambridge University Pressc1984 bCambridge aThe Pitt Building, Trumpington Street a130p.:c22cm(Hb)bill. aMathematical recreations923939 aMathematical puzzles - Collections923940 2ddccENh793.7mBOL c128619d128619 00104070aLbLd2015-07-03eCen Lib/Retg0.00l0o793.7 BOLpA-258352r2015-07-03 00:00:00t1v0.00w2015-07-03yEN